Local school construction programs. (Record no. 22282)

MARC details
000 -LEADER
fixed length control field 01080cam a22002651 4500
001 - CONTROL NUMBER
control field e 57000039
003 - CONTROL NUMBER IDENTIFIER
control field DLC
005 - DATE AND TIME OF LATEST TRANSACTION
control field 20260227111236.0
008 - FIXED-LENGTH DATA ELEMENTS--GENERAL INFORMATION
fixed length control field 780503s1957 dcua f000 0 eng c
010 ## - LIBRARY OF CONGRESS CONTROL NUMBER
LC control number e 57000039
035 ## - SYSTEM CONTROL NUMBER
System control number (OCoLC)3859857
040 ## - CATALOGING SOURCE
Original cataloging agency U.S. Office of Education. Library
Transcribing agency OT
Modifying agency OCoLC
-- DLC
042 ## - AUTHENTICATION CODE
Authentication code premarc
050 00 - LIBRARY OF CONGRESS CALL NUMBER
Classification number L111
Item number .A6 1957, no. 20
051 ## - LIBRARY OF CONGRESS COPY, ISSUE, OFFPRINT STATEMENT
Classification number LB3218.A1
Item number V48
082 ## - DEWEY DECIMAL CLASSIFICATION NUMBER
Classification number 371.62
100 1# - MAIN ENTRY--PERSONAL NAME
Personal name Viles, Nelson Eric,
Dates associated with a name 1891-
245 10 - TITLE STATEMENT
Title Local school construction programs.
260 ## - PUBLICATION, DISTRIBUTION, ETC.
Place of publication, distribution, etc. [Washington]
Name of publisher, distributor, etc. U.S. Dept. of Health, Education, and Welfare, Office of Education
Date of publication, distribution, etc. [1957]
300 ## - PHYSICAL DESCRIPTION
Extent viii, 80 p.
Other physical details tables.
Dimensions 24 cm.
490 1# - SERIES STATEMENT
Series statement United States. Office of Education. Bulletin,
Volume/sequential designation 1957, no. 20
501 ## - WITH NOTE
With note Copies 1 and 2 of L111.A6 with: Conservation experiences for children / Effie G. Bathurst and Wihelmina Hill. Washington : Govt. Print. Off., 1957. Bound together subsequent to publication.
Institution to which field applies DLC
650 #0 - SUBJECT ADDED ENTRY--TOPICAL TERM
Topical term or geographic name entry element School buildings
Geographic subdivision United States.
830 #0 - SERIES ADDED ENTRY--UNIFORM TITLE
Uniform title Bulletin (United States. Office of Education) ;
Volume/sequential designation 1957, no. 20.

No items available.

Powered by Koha